<?xml version="1.0" encoding="UTF-8"?>
<record
    xmlns:xsi="http://www.w3.org/2001/XMLSchema-instance"
    xsi:schemaLocation="http://www.loc.gov/MARC21/slim http://www.loc.gov/standards/marcxml/schema/MARC21slim.xsd"
    xmlns="http://www.loc.gov/MARC21/slim">

  <leader>01612nam0a2200313   4500</leader>
  <controlfield tag="001">RU\NLR\BIBL_A\011574495</controlfield>
  <controlfield tag="005">20250626093959.0</controlfield>
  <datafield tag="010" ind1=" " ind2=" ">
    <subfield code="a">978-5-295-06752-5</subfield>
    <subfield code="9">1000</subfield>
  </datafield>
  <datafield tag="021" ind1=" " ind2=" ">
    <subfield code="a">RU</subfield>
    <subfield code="b">2017-62940</subfield>
    <subfield code="9">4457</subfield>
  </datafield>
  <datafield tag="035" ind1=" " ind2=" ">
    <subfield code="a">(NLR Aleph) 011574495</subfield>
  </datafield>
  <datafield tag="090" ind1=" " ind2=" ">
    <subfield code="a">10815112</subfield>
    <subfield code="c">10815112</subfield>
  </datafield>
  <datafield tag="100" ind1=" " ind2=" ">
    <subfield code="a">20171226d2017    |||y0rusy50      ca</subfield>
  </datafield>
  <datafield tag="101" ind1="0" ind2=" ">
    <subfield code="a">bak</subfield>
  </datafield>
  <datafield tag="102" ind1=" " ind2=" ">
    <subfield code="a">RU</subfield>
  </datafield>
  <datafield tag="105" ind1=" " ind2=" ">
    <subfield code="a">c   z   000 y</subfield>
  </datafield>
  <datafield tag="200" ind1="1" ind2=" ">
    <subfield code="a">&#x421;&#x430;&#x43B;&#x430;&#x443;&#x430;&#x442; &#x441;&#x4D9;&#x43B;&#x4D9;&#x43C;&#x435;</subfield>
    <subfield code="e">[&#x448;&#x438;&#x493;&#x44B;&#x440;&#x499;&#x430;&#x440;]</subfield>
    <subfield code="f">&#x411;&#x443;&#x440;&#x430;&#x43D;&#x431;&#x430;&#x439; &#x418;&#x441;&#x4A1;&#x443;&#x436;&#x438;&#x43D;</subfield>
  </datafield>
  <datafield tag="210" ind1=" " ind2=" ">
    <subfield code="a">&#x4E8;&#x444;&#x4E9;</subfield>
    <subfield code="c">&#x41A;&#x438;&#x442;&#x430;&#x43F;</subfield>
    <subfield code="d">2017</subfield>
  </datafield>
  <datafield tag="215" ind1=" " ind2=" ">
    <subfield code="a">260,[2] &#x431;.</subfield>
    <subfield code="c">&#x43F;&#x43E;&#x440;&#x442;&#x440;.</subfield>
    <subfield code="d">17</subfield>
  </datafield>
  <datafield tag="300" ind1=" " ind2=" ">
    <subfield code="a">&#x412; &#x432;&#x44B;&#x43F;. &#x434;&#x430;&#x43D;. 1 &#x438; 2 &#x430;&#x432;&#x442;.: &#x418;&#x441;&#x43A;&#x443;&#x436;&#x438;&#x43D; &#x411;&#x443;&#x440;&#x430;&#x43D;&#x431;&#x430;&#x439; (&#x411;&#x443;&#x440;&#x435;&#x431;&#x430;&#x439;) &#x41C;&#x430;&#x445;&#x43C;&#x443;&#x442;&#x43E;&#x432;&#x438;&#x447;, &#x425;&#x430;&#x43B;&#x438;&#x43B;&#x43E;&#x432; &#x410;&#x43A;&#x441;&#x430;&#x43D; (&#x41A;&#x438;&#x43D;&#x437;&#x44F;) &#x41D;&#x430;&#x441;&#x440;&#x435;&#x442;&#x434;&#x438;&#x43D;&#x43E;&#x432;&#x438;&#x447;</subfield>
  </datafield>
  <datafield tag="423" ind1=" " ind2="0">
    <subfield code="1">2001#$a&#x4E8;&#x43C;&#x4E9;&#x442;&#x434;&#x430;&#x440;$f&#x4D8;&#x4A1;&#x441;&#x4D9;&#x43D; &#x425;&#x4D9;&#x43B;&#x438;&#x43B;&#x43E;&#x432;</subfield>
    <subfield code="1">210##$a&#x4E8;&#x444;&#x4E9;$d2017</subfield>
    <subfield code="1">215##$a&#x421;. 103-198</subfield>
    <subfield code="1">700#1$a&#x425;&#x4D9;&#x43B;&#x438;&#x43B;&#x43E;&#x432;$b&#x4D8;. &#x41D;.$f1959-$g&#x4D8;&#x4A1;&#x441;&#x4D9;&#x43D; &#x41D;&#x430;&#x441;&#x440;&#x435;&#x442;&#x434;&#x438;&#x43D; &#x443;&#x43B;&#x44B;</subfield>
    <subfield code="t">&#x4E8;&#x43C;&#x4E9;&#x442;&#x434;&#x430;&#x440;</subfield>
    <subfield code="a">&#x425;&#x4D9;&#x43B;&#x438;&#x43B;&#x43E;&#x432;, &#x4D8;&#x4A1;&#x441;&#x4D9;&#x43D; &#x41D;&#x430;&#x441;&#x440;&#x435;&#x442;&#x434;&#x438;&#x43D; &#x443;&#x43B;&#x44B; (1959-)</subfield>
  </datafield>
  <datafield tag="423" ind1=" " ind2="0">
    <subfield code="1">2001#$a&#x411;&#x435;&#x440;&#x43B;&#x4D9;&#x43C; &#x44E;&#x43B;$f&#x424;&#x4D9;&#x440;&#x438;&#x442; &#x4D8;&#x445;&#x43C;&#x4D9;&#x442;&#x43E;&#x432;</subfield>
    <subfield code="1">210##$a&#x4E8;&#x444;&#x4E9;$d2017</subfield>
    <subfield code="1">215##$a&#x421;. 199-261</subfield>
    <subfield code="1">700#1$a&#x4D8;&#x445;&#x43C;&#x4D9;&#x442;&#x43E;&#x432;$b&#x424;. &#x419;.$g&#x424;&#x4D9;&#x440;&#x438;&#x442; &#x419;&#x4D9;&#x433;&#x4D9;&#x444;&#x4D9;&#x440; &#x443;&#x43B;&#x44B;</subfield>
    <subfield code="t">&#x411;&#x435;&#x440;&#x43B;&#x4D9;&#x43C; &#x44E;&#x43B;</subfield>
    <subfield code="a">&#x4D8;&#x445;&#x43C;&#x4D9;&#x442;&#x43E;&#x432;, &#x424;&#x4D9;&#x440;&#x438;&#x442; &#x419;&#x4D9;&#x433;&#x4D9;&#x444;&#x4D9;&#x440; &#x443;&#x43B;&#x44B;</subfield>
  </datafield>
  <datafield tag="541" ind1="1" ind2=" ">
    <subfield code="6">z01790</subfield>
    <subfield code="a">&#x41F;&#x440;&#x438;&#x432;&#x435;&#x442;&#x441;&#x442;&#x432;&#x438;&#x435; &#x421;&#x430;&#x43B;&#x430;&#x432;&#x430;&#x442;&#x430;</subfield>
    <subfield code="e">&#x441;&#x442;&#x438;&#x445;&#x438;.</subfield>
    <subfield code="z">rus</subfield>
  </datafield>
  <datafield tag="686" ind1="1" ind2=" ">
    <subfield code="a">&#x428;6(2=&#x411;&#x430;&#x448;)7-5</subfield>
  </datafield>
  <datafield tag="700" ind1=" " ind2="1">
    <subfield code="a">&#x418;&#x441;&#x4A1;&#x443;&#x436;&#x438;&#x43D;</subfield>
    <subfield code="b">&#x411;.</subfield>
    <subfield code="f">1952-</subfield>
    <subfield code="g">&#x411;&#x443;&#x440;&#x430;&#x43D;&#x431;&#x430;&#x439;</subfield>
  </datafield>
  <datafield tag="790" ind1=" " ind2="1">
    <subfield code="6">z01541</subfield>
    <subfield code="a">&#x418;&#x441;&#x43A;&#x443;&#x436;&#x438;&#x43D;</subfield>
    <subfield code="b">&#x411;.</subfield>
    <subfield code="g">&#x411;&#x443;&#x440;&#x430;&#x43D;&#x431;&#x430;&#x439;</subfield>
    <subfield code="4">070</subfield>
  </datafield>
  <datafield tag="852" ind1=" " ind2=" ">
    <subfield code="a">NLR</subfield>
    <subfield code="b">&#x41E;&#x41D;&#x41B;</subfield>
    <subfield code="j">&#x411;&#x430;&#x448;&#x43A;./2-5097</subfield>
  </datafield>
  <datafield tag="942" ind1=" " ind2=" ">
    <subfield code="c">BOOK</subfield>
  </datafield>
  <datafield tag="980" ind1=" " ind2=" ">
    <subfield code="a">NB</subfield>
  </datafield>
  <datafield tag="995" ind1=" " ind2=" ">
    <subfield code="5">2017-12-26</subfield>
    <subfield code="a">ad</subfield>
    <subfield code="b">NLR01</subfield>
    <subfield code="c">NLR01</subfield>
    <subfield code="e">ONL</subfield>
    <subfield code="f">1-1450471</subfield>
    <subfield code="k">&#x41E;&#x41D;&#x41B; &#x411;&#x430;&#x448;&#x43A;./2-5097</subfield>
    <subfield code="o">0</subfield>
    <subfield code="r">BOOK</subfield>
    <subfield code="s">_25097</subfield>
  </datafield>
</record>
